000 00944nam a2200265Ia 4500
003 GCL
005 20240530102806.0
008 140319s9999 xx 000 0 ara d
040 _aGCL /
_cGCL
082 0 4 _a320.962
_bأ م
100 1 _aاحمد عبدالحليم
245 1 0 _aمصر وتحديات التسعنيات اعمال المؤتمر السنوى الثالث للبحوث السياسية /
_cناليف احمد عبدالحليم (واخ...) تحريرعلى الدين هلال
260 _a[S.N] :
_bمركز البحوث والدراسات السياسية ،
_c1991
300 _a582 ص
650 0 4 _aمصر
650 0 4 _aالاقتصاد
650 0 4 _aالاسلحة
650 0 4 _aالديمقراطية
650 0 4 _aالامن القومى
650 0 4 _aالصناعة
650 0 4 _aالقوى العظمى
650 0 4 _aالمؤتمرات
700 1 _aعبدالمنعم سعيد
942 _2ddc
_cBK
999 _c34690
_d34690